000
00215nam a2200097Ia 4500
008
220204s9999 xx 000 0 und d
082
_a
749
_b
CAS
245
0
_a
Ca Sarredo International
260
_a
Italy
942
_c
BK
999
_c
36365
_d
36365